000 00899cam a22002651 4500
001 7467253
003 OSt
005 20230703095327.0
008 751111q19501959enkab b 000 0 eng
010 _a 56057899
035 _a(OCoLC)1823863
040 _aDLC
_cTxShA
_dInU
_dDLC
042 _apremarc
043 _af-sa---
082 _a352
_bFAL
100 1 _aFallers, Lloyd A.
245 1 0 _aBantu bureaucracy:
_ba study of integration and conflict in the political institutions of an East African people.
260 _aCambridge [Eng.]
_bPublished for the East African Institute of Social Research by W. Heffer
_c[195-]
300 _axiv, 283 p.
_billus., maps, diagrs., tables.
_c22 cm.
504 _aBibliographical footnotes.
650 0 _aBantu speaking peoples.
650 0 _aLocal government
_zSouth Africa.
906 _a7
_bcbc
_coclcrpl
_du
_encip
_f19
_gy-gencatlg
942 _2ddc
_cBK
999 _c3176
_d3176